[Event "GER-chT U14 Girls"]
[Site "Burg Stargard"]
[Date "2006.12.29"]
[Round "5.4"]
[White "Rais, Vanessa"]
[Black "Hielscher, Caroline"]
[Result "0-1"]
[WhiteElo "700"]
[BlackElo "763"]
[PlyCount "46"]
[EventDate "2006.12.27"]
[EventType "team-swiss"]
[EventRounds "7"]
[EventCountry "GER"]
[SourceTitle "EXT 2008"]
[Source "ChessBase"]
[SourceDate "2007.11.25"]
[SourceVersion "1"]
[SourceVersionDate "2007.11.25"]
[SourceQuality "1"]
[WhiteTeam "Torgelow Droegeheide U14 Girls"]
[BlackTeam "Guennigfeld SV U14 Girls"]
[WhiteTeamCountry "GER"]
[BlackTeamCountry "GER"]

1. e4 e5 2. Nf3 Nc6 3. Bc4 Bb4 4. Nc3 d6 5. d3 Bg4 6. Bd2 Nf6 7. 0-0 Qd7 8. a3 Bc5 9. Nd5 0-0-0 10. c3 Nxd5 11. exd5 Ne7 12. b4 Bb6 13. a4 a6 14. a5 Ba7 15. h3 Bh5 16. Qe2 f6 17. Rfe1 Qf5 18. Rad1 Ng6 19. g4 Bxg4 20. hxg4 Qxg4+ 21. Kh2 Nh4 22. Rg1 Nxf3+ 23. Kh1 Qh3# 0-1

[Event "GER-chT U14 Girls"]
[Site "Dittrichshuette"]
[Date "2005.12.28"]
[Round "4.3"]
[White "Hielscher, Caroline"]
[Black "Schulze, Tabea"]
[Result "1/2-1/2"]
[WhiteElo "775"]
[BlackElo "745"]
[PlyCount "53"]
[EventDate "2005.12.27"]
[EventType "team-swiss"]
[EventRounds "6"]
[EventCountry "GER"]
[SourceTitle "CBM 110 Extra"]
[Source "ChessBase"]
[SourceDate "2006.03.10"]
[SourceVersion "2"]
[SourceVersionDate "2006.03.10"]
[SourceQuality "1"]
[WhiteTeam "Wattenscheid U14 Girls"]
[BlackTeam "Endingen U14 Girls"]
[WhiteTeamCountry "GER"]
[BlackTeamCountry "GER"]

1. e4 e5 2. Nf3 Nc6 3. Nc3 Bc5 4. Bc4 Nf6 5. 0-0 0-0 6. d3 d6 7. Bg5 h6 8. Bh4 Nd4 9. Nd2 Bg4 10. Qe1 Nxc2 11. Qc1 Nxa1 12. Qxa1 a6 13. h3 b5 14. Bb3 Bd7 15. Qd1 a5 16. Re1 a4 17. Bd5 Rb8 18. Ne2 Be6 19. Bc6 Qe7 20. Ng3 Bxa2 21. Nh5 Rb6 22. Bd5 Bxd5 23. exd5 c6 24. Qf3 g5 25. Nxf6+ Kg7 26. Nde4 Bb4 27. Re2 1/2-1/2